Figure out the Lyrics (Leonard Cohen 3) Quiz Stats

Quiz not verified by Sporcle

Challenge
Share
Tweet
Embed
Score 0/257 Timer 10:00
0 Plays Today
% Correct
I
97.2%
I
97.2%
I
97.2%
I
97.2%
I
97.2%
a
93.1%
a
93.1%
a
93.1%
a
93.1%
a
93.1%
a
93.1%
a
93.1%
Ah
93.1%
a
93.1%
a
93.1%
a
93.1%
a
93.1%
a
93.1%
a
93.1%
a
93.1%
you
90.9%
you
90.9%
you
90.9%
you.
90.9%
you
90.9%
you
90.9%
you
90.9%
you.
90.9%
you
90.9%
you
90.9%
you
90.9%
You
90.9%
you
90.9%
you
90.9%
you
90.9%
you
90.9%
you.
90.9%
you
90.9%
you.
90.9%
you
90.9%
you
90.9%
you
90.9%
you
90.9%
the
88.4%
the
88.4%
the
88.4%
the
88.4%
the
88.4%
the
88.4%
the
88.4%
you.
87.9%
to.
83.5%
to
83.5%
to
83.5%
to
83.5%
to
83.5%
to
83.5%
to
83.5%
to
83.5%
to.
83.5%
me
82.1%
me
82.1%
me
82.1%
me
82.1%
me
82.1%
love
80.7%
love...
80.7%
And
80.2%
And
80.2%
and
80.2%
and
80.2%
And
80.2%
And
80.2%
and
80.2%
and
80.2%
And
80.2%
And
80.2%
And
80.2%
your
78.8%
your
78.8%
your
78.8%
your
78.8%
your
78.8%
your
78.8%
your
78.8%
your
78.8%
% Correct
your
78.8%
If
78.2%
if
78.2%
If
78.2%
if
78.2%
If
78.2%
if
78.2%
If
78.2%
if
78.2%
if
78.2%
if
78.2%
If
78.2%
If
78.2%
if
78.2%
in
77.1%
in
77.1%
do
75.2%
for
75.2%
for
75.2%
for
75.2%
for
75.2%
for
75.2%
for
75.2%
do
75.2%
want
72.7%
want
72.7%
want
72.7%
want
72.7%
want
72.7%
want
72.7%
want
72.7%
want
72.7%
want
72.7%
want
72.7%
wanna
72.7%
want
72.7%
want
72.7%
I'm
71.9%
can.
71.9%
I'm
71.9%
I'm
71.9%
I'm
71.9%
man.
71.6%
man
71.6%
man
71.6%
man.
71.6%
man.
71.6%
of
70.8%
my
70.8%
of
70.8%
of
70.8%
on
68.9%
on
68.9%
I'll
67.8%
I'll
67.8%
I'll
67.8%
I'll
67.8%
I'll
67.8%
go
66.9%
lover
66.4%
lover
66.4%
will
65.3%
will
65.3%
take
63.6%
take
63.6%
know
63.6%
that
63.1%
too
61.2%
too
61.2%
ask
60.6%
ask
60.6%
not
59.2%
not
59.2%
anything
58.7%
anything
58.7%
like
58.1%
with
57.3%
every
56.7%
Or
56.5%
or
56.5%
Or
56.5%
at
56.5%
at
56.5%
at
56.5%
at
56.5%
or
56.5%
% Correct
but
55.9%
hand.
55.1%
by
54.8%
kind
53.2%
wear
53.2%
kind
53.2%
another
52.9%
another
52.9%
mask
52.3%
say
52.3%
down
51.2%
could
50.7%
won't
50.1%
his
50.1%
ride.
49.9%
into
49.3%
never
48.8%
woman
48.8%
I've
48.2%
here
47.9%
doctor
47.1%
been
46.6%
while
46.6%
baby
46.3%
inch
46%
sleep.
45.7%
sleep
45.7%
stand.
45.2%
ring
45.2%
got
44.9%
got
44.9%
step
44.6%
boxer
44.1%
examine
44.1%
anger
43.5%
walk
43.5%
keep.
43.3%
strike
43%
knees.
43%
feet.
43%
these
42.7%
I'd
42.7%
I'd
42.7%
I'd
42.7%
I'd
42.7%
I'd
42.7%
moon's
42.4%
dog
42.4%
father
42.4%
driver
42.1%
heat.
42.1%
partner
41.9%
bright
41.6%
beggin'
41.6%
please.
41.6%
inside
41.3%
back
41%
child
41%
made
40.2%
beast
39.9%
howl
39.4%
only
38.8%
promises
38.6%
Climb
38.3%
tight
37.7%
through
37.7%
crawl
37.7%
fall
37.5%
sand.
36.4%
beauty
36.1%
across
35.5%
runnin'
34.7%
alone
33.9%
chain's
33.3%
street
32.8%
disappear
32.5%
sheet
32%
tear
31.4%
Ah
31.1%
heart
30%
claw
28.1%
road
28.1%
work
25.9%
steer
22.6%
moment
20.4%

You're not logged in!

Compare scores with friends on all Sporcle quizzes.
Sign Up with Email
OR
Log In

You Might Also Like...

Show Comments

Extras

Top Quizzes Today


Score Distribution

Your Account Isn't Verified!

In order to create a playlist on Sporcle, you need to verify the email address you used during registration. Go to your Sporcle Settings to finish the process.